Rakouský Raiffeisen - čilá středoevropská banka

105 rokov siete rakúskych bánk Raiffeisen. Banka a jej aktivita v súvislosti s európskou integráciou. Finančné riešenie vstupu východoeurópskych krajín do západoeurópskeho kontextu. Činnosť Raiffeisen v oblasti rakúskeho poľnohospodárstva. Budovanie banky na družstevnom základe.

Guardado en:
Detalles Bibliográficos
Autor principal: Jirásek, J.
Formato: Capítulo de libro
Lenguaje:checo
Materias:
Etiquetas: Agregar Etiqueta
Sin Etiquetas, Sea el primero en etiquetar este registro!

MARC

LEADER 00000naa a2200000 4500
001 r003941
005 20221125074315.0
041 0 |a cze 
044 |a CS 
245 1 0 |a Rakouský Raiffeisen - čilá středoevropská banka  |c J. Jirásek 
520 |a 105 rokov siete rakúskych bánk Raiffeisen. Banka a jej aktivita v súvislosti s európskou integráciou. Finančné riešenie vstupu východoeurópskych krajín do západoeurópskeho kontextu. Činnosť Raiffeisen v oblasti rakúskeho poľnohospodárstva. Budovanie banky na družstevnom základe. 
610 2 0 |a banky 
610 2 0 |a Raiffeisen 
610 2 0 |a Rakúsko 
610 2 0 |a integrácia ekonomická medzinárodná 
610 2 0 |a banky družstevné 
100 1 |a Jirásek, J.